000 00754nam a2200217Ii 4500
003 JO-AjNU
008 230605s9999||||xx |||||||||||||| ||und||
017 _a2013/124
040 _aJO-AjNU
_bara
_erda
_cJO-AjNU
041 _aara
050 1 4 _aKMX1054.2013
100 3 _a عطروش، عبد الحكيم محسن ,
_eauthor
_947814
245 0 0 _aأحكام الأسرة في قانون الأحوال الشخصية اليمني
250 _a(د،ط)
264 3 1 _aصنعاء : مكتبة ومركز الصادق للنشر ، 2013
300 _a615ص
336 _atext
_btxt
_2rdacontent
337 _aunmediated
_bn
_2rdamedia
338 _avolume
_bnc
_2rdacarrier
650 4 _aاليمن -- قانون الاحوال الشخصية
_947815
999 _aA20899
_c24467
_d24467